000 00914nas a2200313 4500
001 BR9203610
003 BR-BrBNA
005 20231205095036.0
007 ta
008 230509b bl.|||p| |||| 00| 00por d
040 _aBR-BrBNA
_bpor
_cBiblioteca Nacional de Agricultura
041 _a(Pt)
072 _aF04
100 1 _aCarvalho, J.G. de
100 1 _aMarques, R.
100 1 _aViegas, I. de J.M.
100 1 _aCarvalho, M.A. de
245 1 _aCalagem para a cultura da seringueira
650 _aSeringueira
650 _aCalagem
650 _aPH
650 _aAcidez do Solo
650 _aCapacidade de Troca
650 _aRelacao Solo-Planta
650 _aCalcario
773 0 _tInforme Agropecuario - Empresa de Pesquisa Agropecuaria de Minas Gerais (Brazil)
_xISSN 0100-3364
_g(1991), v. 15(171) p. 45-56
_wBR9203610
909 _a202311
_bLúcia
_c55
_dLúcia Elande
942 _2AGRIS
_n0
_cANA
999 _c148411
_d148411